MARC details
| 000 -LEADER |
| fixed length control field |
02753nam a2200469 i 4500 |
| 001 - CONTROL NUMBER |
| control field |
018140520 |
| 003 - CONTROL NUMBER IDENTIFIER |
| control field |
EG-ScBUE |
| 005 - DATE AND TIME OF LATEST TRANSACTION |
| control field |
20200202105414.0 |
| 008 - FIXED-LENGTH DATA ELEMENTS--GENERAL INFORMATION |
| fixed length control field |
150907s2015 cc af 000 0 eng d |
| 020 ## - INTERNATIONAL STANDARD BOOK NUMBER |
| International Standard Book Number |
9787511727190 |
| 035 ## - SYSTEM CONTROL NUMBER |
| System control number |
(OCoLC)920616473 |
| 040 ## - CATALOGING SOURCE |
| Original cataloging agency |
BCBTC |
| Language of cataloging |
eng |
| Description conventions |
rda |
| Transcribing agency |
BCBTC |
| Modifying agency |
OCLCQ |
| -- |
EXG |
| -- |
OCLCF |
| -- |
Uk |
| -- |
EG-ScBUE |
| 041 1# - LANGUAGE CODE |
| Language code of text/sound track or separate title |
eng |
| Language code of original and/or intermediate translations of text |
chi |
| 043 ## - GEOGRAPHIC AREA CODE |
| Geographic area code |
a-cc--- |
| 082 04 - DEWEY DECIMAL CLASSIFICATION NUMBER |
| Classification number |
324.251075 |
| Item number |
PAR |
| Edition number |
22 |
| 240 10 - UNIFORM TITLE |
| Uniform title |
<a href="中国共产党与世界对话集 : 中国改革, 执政党的角色.">中国共产党与世界对话集 : 中国改革, 执政党的角色.</a> |
| Language of a work |
English |
| 245 04 - TITLE STATEMENT |
| Title |
The party and the world dialogue 2014 : |
| Remainder of title |
China's new reforms, the role of the party = 2014 Zhongguo gong chan dang yu shi jie dui hua ji : zhongguo gai ge, zhi zheng dang de jue se. |
| 246 31 - VARYING FORM OF TITLE |
| Title proper/short title |
2014 Zhongguo gong chan dang yu shi jie dui hua ji : |
| Remainder of title |
zhongguo gai ge, zhi zheng dang de jue se |
| 250 ## - EDITION STATEMENT |
| Edition statement |
First edition. |
| 264 #1 - PUBLICATION, DISTRIBUTION, ETC. (IMPRINT) |
| Place of publication, distribution, etc |
Beijing : |
| Name of publisher, distributor, etc |
Central Compilation and Translation Press, |
| Date of publication, distribution, etc |
2015. |
| 300 ## - PHYSICAL DESCRIPTION |
| Extent |
3, 432 pages, 12 unnumbered pages of plates : |
| Other physical details |
illustrations (black and white, and colour) ; |
| Dimensions |
24 cm |
| 336 ## - CONTENT TYPE |
| Content type term |
text |
| Source |
rdacontent |
| Content type code |
txt |
| 337 ## - MEDIA TYPE |
| Media type term |
unmediated |
| Source |
rdamedia |
| Media type code |
n |
| 338 ## - CARRIER TYPE |
| Carrier type term |
volume |
| Source |
rdacarrier |
| Carrier type code |
nc |
| 546 ## - LANGUAGE NOTE |
| Language note |
Text in English ; translated from the original Chinese language. |
| 610 27 - SUBJECT ADDED ENTRY--CORPORATE NAME |
| Corporate name or jurisdiction name as entry element |
Zhongguo gong chan dang |
| General subdivision |
Party work. |
| Source of heading or term |
BUEsh |
| 651 #7 - SUBJECT ADDED ENTRY--GEOGRAPHIC NAME |
| Geographic name |
China |
| General subdivision |
Politics and government |
| Chronological subdivision |
21st century. |
| Source of heading or term |
BUEsh |
| 653 ## - INDEX TERM--UNCONTROLLED |
| Resource For college |
Generalities |
| Arrived date list |
January2020 |
| 655 ## - INDEX TERM--GENRE/FORM |
| Form subdivision |
Reading book |
| 880 04 - ALTERNATE GRAPHIC REPRESENTATION |
| Linkage |
245-01 |
| a |
The party and the world dialogue 2014 : |
| b |
China's new reforms, the role of the party = 2014中国共产党与世界对话集 : 中国改革, 执政党的角色 / |
| c |
中国当代世界研究中心, 中国和平发展基金会主编. |
| 880 31 - ALTERNATE GRAPHIC REPRESENTATION |
| Linkage |
246-02 |
| a |
2014中国共产党与世界对话集 : |
| b |
中国改革 : 执政党的角色 |
| 880 30 - ALTERNATE GRAPHIC REPRESENTATION |
| Linkage |
246-03 |
| a |
中国改革, 执政党的角色 |
| 880 ## - ALTERNATE GRAPHIC REPRESENTATION |
| Linkage |
250-04 |
| a |
第1版. |
| 880 #1 - ALTERNATE GRAPHIC REPRESENTATION |
| Linkage |
264-05 |
| a |
北京 : |
| b |
中央编译出版社, |
| c |
2015. |
| 880 ## - ALTERNATE GRAPHIC REPRESENTATION |
| Linkage |
520-00 |
| a |
本书为"2014中国共产党与世界对话会"会议讨论的文字实录, 内容围绕中国改革的特色与共性, 改革的舆论监督, 没有零和博弈之结果的竞争等主题.与会者热烈讨论了改革背景, 决策制定与执行过程, 中国新一轮改革以及中国共产党的责任与角色等问题.本书真实纪录了各国政要, 学者对中国改革及中国共产党的探讨, 在对话中突出了多元的视角, 具有深刻的实践指导意义与理论研究价值. |
| 880 24 - ALTERNATE GRAPHIC REPRESENTATION |
| Linkage |
610-06 |
| a |
中国共产党 |
| x |
Party work. |
| 880 2# - ALTERNATE GRAPHIC REPRESENTATION |
| Linkage |
710-07 |
| a |
中国当代世界研究中心, |
| e |
editor. |
| 880 2# - ALTERNATE GRAPHIC REPRESENTATION |
| Linkage |
710-08 |
| a |
中国和平发展基金会, |
| e |
editor. |
| 942 ## - ADDED ENTRY ELEMENTS (KOHA) |
| Source of classification or shelving scheme |
Dewey Decimal Classification |
| Koha item type |
Book - Borrowing |